| 000 | 00348 a2200109 4500 | ||
|---|---|---|---|
| 001 | ART_63579 | ||
| 005 | 20260410161813.0 | ||
| 008 | 260409a | ||
| 245 | 1 | 0 | _aAlgún apunte sobre la sociedad anónima deportiva |
| 100 | 1 | _aBarreiro, Marcelo G. | |
| 773 | 0 |
_tDoctrina Societaria y Concursal _g- Nº 445 (oct./nov. 2025) _wREV4298 |
|
| 999 |
_c21681 _d21681 |
||